Statistics for Bugatti Models By Picture

Click here to take the quiz!

General Stats

  • This quiz has been taken 85 times
  • The average score is 6 of 7

Answer Stats

Answer% Correct
Veyron
98%
Chiron
97%
Divo
87%
EB110
81%
Bolide
76%
Centodieci
69%
La Voiture Noire
66%

Score Distribution

Percentile by Number Answered

Percent of People with Each Score

Your Score History

You have not taken this quiz